000 00556nam a22002297a 4500
003 UA-OsUOA
001 64592
007 ta
008 20091106b un ||||| |||| 00| 0 ukr d
090 _a821.161.1
_bМ75
942 _cBK
040 _aUA-OsUOA
_brus
_cUA-OsUOA
_dUA-OsUOA
245 _aМолодая гвардия
300 _a236 с.
955 _a3
041 _arus
080 _a821.161.1
260 _aМ.
_c1959
246 3 1 _aЧ. 12
_n
650 7 _a82 Література. Літературознавство
_2UDC
999 _c350523
_d350523